01475cam a22002895a 4500999001700000005001700017008004100034020001800075020001500093040005000108082002100158100002000179245007500199250003700274260005000311300004700361500005400408500002000462520040300482650004600885650002600931651001000957653002200967700003300989942000801022952015501030 c27306d2727720190404095942.0160530t2017 enka fr 001 0 eng d a9781292089461 a1292089466 aStDuBDSbengcStDuBDSdUkdEG-ScBUEdEG-ScBUE04a624.171bHIB2221 aHibbeler, R. C.10aStructural analysis /cR. C. Hibbeler ; SI conversion by Kai Beng Yap. a9th. ed. in SI units, Global ed. aHarlow :bPearson Education Limited,cc.2017. axxiv, 700 p. :bill. (some col.) ;c24 cm. aPrevious edition: Singapore: Prentice Hall, 2011. aIncludes index. aStructural Analysis provides students with a clear and thorough presentation of the theory and application of structural analysis as it applies to trusses, beams, and frames. Emphasis is placed on teaching students to both model and analyze a structure. Hibbeler's problem solving methodology, Procedures for Analysis, provides students with a logical, orderly method to follow when applying theory 7aStructural analysis (Engineering).2BUEsh 7aConstructions.2BUEsh 2BUEsh bENGCIVcMarch20191 aYap, Kai Beng,econtributor. 2ddc 00102ddc40708BaccahaMAINbMAINc1STd2019-03-26ePurchaseg704.00h174l1m1o624.171 HIBp000043291r2025-07-15 00:00:00s2020-11-28v880.00yBB